Environment Explained: meaning and diffination of terms and themes (Record no. 4073)

MARC details
000 -LEADER
fixed length control field 00453nam a22001697a 4500
005 - DATE AND TIME OF LATEST TRANSACTION
control field 20180327130315.0
008 - FIXED-LENGTH DATA ELEMENTS--GENERAL INFORMATION
fixed length control field 160625b xxu||||| |||| 00| 0 eng d
020 ## - INTERNATIONAL STANDARD BOOK NUMBER
ISBN 81-7446-384-4
041 ## - LANGUAGE CODE
Language code of text/sound track or separate title eng
082 ## - DEWEY DECIMAL CLASSIFICATION NUMBER
Item number 10310
Classification number 363.7
100 ## - MAIN ENTRY--AUTHOR NAME
Personal name Saxena, Y.K. and Uberoi, N.K.
245 ## - TITLE STATEMENT
Title Environment Explained: meaning and diffination of terms and themes
260 ## - PUBLICATION, DISTRIBUTION, ETC. (IMPRINT)
Name of publisher Excel book
Year of publication 2004
300 ## - PHYSICAL DESCRIPTION
Number of Pages 167
650 ## - SUBJECT ADDED ENTRY--TOPICAL TERM
Topical Term Management
942 ## - ADDED ENTRY ELEMENTS (KOHA)
Koha item type Books
Holdings
Lost status Damaged status Collection code Home library Current library Shelving location Date acquired Cost, normal purchase price Full call number Accession Number Koha item type
    LIFE SKILL JRU Library JRU Library SHELF-101-D 25/06/2016 150.00 363.7 10310 Books
    LIFE SKILL JRU Library JRU Library SHELF -72- G 25/06/2016 150.00 363.7 10311 Books